Reminiscences of Swami Brahmananda : (Record no. 5629)

MARC details
000 -LEADER
fixed length control field 00629 a2200181 4500
010 ## - LCCN (DPL NO)
LC control number ENG-86960
020 ## - INTERNATIONAL STANDARD BOOK NUMBER
International Standard Book Number 817823422X
Terms of availability 75.00
035 ## - SYSTEM CONTROL NUMBER
System control number EN-70493
037 ## - SOURCE OF ACQUISITION
Source of stock number/acquisition DBAD / PUB
082 14 - DEWEY DECIMAL CLASSIFICATION NUMBER
Classification number 230.35
100 1# - MAIN ENTRY--PERSONAL NAME
Personal name Akshaykachaitanya
245 1# - TITLE STATEMENT
Title Reminiscences of Swami Brahmananda :
Remainder of title the mind born son of Sri Ramakrishna /
Statement of responsibility, etc by Akshayachaitanya ; translated by B. Bhaskarananda
260 ## - PUBLICATION, DISTRIBUTION, ETC. (IMPRINT)
Place of publication, distribution, etc Chennai
Name of publisher, distributor, etc Sri Ramakrishna Math
Date of publication, distribution, etc 2006
270 ## - ADDRESS
Address Sri Ramakrishna Math,
City Chennai
Postal code 600 004
Electronic mail address srkmath@vsnl.com
300 ## - PHYSICAL DESCRIPTION
Extent xxxiv, 265 p
Dimensions 210cm (Pbk)
700 1# - ADDED ENTRY--PERSONAL NAME
Personal name Bhaskarnanda
942 ## - ADDED ENTRY ELEMENTS (KOHA)
Institution code [OBSOLETE] dpl
Item type English Books
Source of classification or shelving scheme Dewey Decimal Classification
Classification part 230.35
Call number suffix AKS
Holdings
Withdrawn status Lost status Not for loan Collection code Home library Current library Source of acquisition Cost, normal purchase price Full call number Barcode Copy number Cost, replacement price Koha item type
    Not For Loan Non-fiction D.B.Act.Division D.B.Act.Division DBAD/PUB 75.00 230.35 AKS EN-70493 1 75.00 English Books

© Delhi Public Library
Hit Counter
free hit counter